| 000 | 00451pab a2200181 454500 | ||
|---|---|---|---|
| 008 | 180718b2010 xxu||||| |||| 00| 0 eng d | ||
| 100 | _aPereira, Melvil | ||
| 245 | _aIndigenous peoples and the UN human rights mechanisms | ||
| 260 | _c2010 | ||
| 300 | _ap.339-355. | ||
| 362 | _aOct-Dec | ||
| 650 | _aCultural rights | ||
| 650 | _aHuman rights | ||
| 650 | _aIndigenous populations | ||
| 773 | _aSocial Action | ||
| 908 | _aN | ||
| 909 | _a89462 | ||
| 999 |
_c89462 _d89462 |
||